000
00265nam a2200121Ia 4500
008
190216s9999||||xx |||||||||||||| ||und||
100
_a
Srivastav R M
245
0
_a
Financial Management
260
_b
Null
_c
1979
300
_a
590p
650
_a
Commerce
942
_c
BK
999
_c
5228
_d
5228